00509pam a2200157 a 4500020000500000041000500005082001300010100002200023245006200045250001000107260002500117300001600142930000900158999001900167952016500186 c h a741bSWA aRonald Swanwick . aDrawing LandscapesbDrawing LandscapeshTextual Documents a2005. a[s.l]:bLeisure Arts a47:bpaper. a2526 c236316d236316 001040708Text BooksaFAPbFAPd2007-05-24eBhararti Sahakari Grahak Bhandarg299.00l2o741 SWApFAP-2526r2025-09-24 00:00:00s2025-09-24t1w2023-03-07yBK